Gaming Quiz

Random Gaming or Biography Quiz

Batman: Arkham Asylum Quiz Stats

 Plays Quiz Updated Apr 26, 2012

Score 0/41 Timer 10:00
0 Plays Today
Villain/Hero Character's Name % Correct
HeroBatman
99.3%
VillainThe Joker
90.9%
VillainTwo-Face
85.4%
VillainCatwoman
81.6%
VillainThe Penguin
81.3%
VillainThe Riddler
79.6%
HeroCommissioner Gordon
77.7%
VillainScarecrow
76.8%
VillainHarley Quinn
76.2%
HeroOracle
76.2%
VillainPoison Ivy
75.5%
VillainMr. Freeze
75.3%
VillainKiller Croc
59.8%
VillainBane
55.8%
HeroAlfred Pennyworth
52%
VillainMad Hatter
50%
VillainClayface
46.7%
HeroBruce Wayne
46.5%
VillainsTweedledum & Tweedledee
37.3%
VillainHush
37%
VillainBlack Mask
36.2%
Villain/Hero Character's Name % Correct
HeroWarden Sharp
36.1%
VillainMr. Zsasz
35.1%
VillainCalendar Man
34.8%
VillainProfessor Hugo Strange
33.2%
VillainHumpty Dumpty
30.5%
HeroesThomas & Martha Wayne
26.8%
HeroAaron Cash
25.9%
VillainFirefly
25.7%
VillainRa's Al Ghul
25.5%
HeroJack Ryder
24%
VillainThe Ventriloquist
22.8%
VillainThe Great White Shark
20.9%
Hero?Amadeus Arkham
20.1%
Villain/HeroDr. Penelope Young
19.1%
VillainScarface
18.6%
VillainKiller Moth
16.4%
VillainFrank Boles
16.3%
VillainThe Ratcatcher
15.4%
VillainMaxie Zeus
10.5%
VillainPrometheus
9.4%

You're not logged in!

Compare scores with friends on all Sporcle quizzes.
OR
Log In

Sporcle TV

Today on Sporcle TV


Watch our educational content, quiz creation guides, and fun videos on Sporcle TV.

Show Comments

Extras

Top Quizzes Today


Score Distribution

Your Account Isn't Verified!

In order to create a playlist on Sporcle, you need to verify the email address you used during registration. Go to your Sporcle Settings to finish the process.

Report this User

Report this user for behavior that violates our Community Guidelines.

Details: